000 00711cab a2200253 4500
001 WB3144-43
008 090401t1995 xxu||||| |||| 00| 0 eng d
035 _a(Sirsi) u35371
041 _aeng
245 _aCourt lambasts land market
260 _c1995
350 _a0
490 _aEuroProperty
_vNovember 1995, 7(1)
520 _aA report by Spain`s monopolies court reveals that the interventionist land market has led to an artificial scarcity of building land and high prices.
650 _aBUILDING LAND
650 _aHOUSE PRICES
650 _aINTERVENTION
650 _aLAND MARKET
650 _aLAND VALUES
650 _aSPAIN
690 _aLAND
942 _n0
948 _c04/03/1997
999 _c23168
_d23168